501 động từ tiếng nhật /

Đã lưu trong:
Sonraí Bibleagrafaíochta
Príomhúdar: Lange, Roland A
Formáid: Leabhar
Foilsithe: HCM : NXB tổng hợp, 2005.
Ábhair:
Clibeanna: Cuir Clib Leis
Gan Chlibeanna, Bí ar an gcéad duine leis an taifead seo a chlibeáil!
Thư viện lưu trữ: Mạng thư viện Đại học Đà Nẵng
LEADER 01097nam a22003131a 4500
001 000038805
003 15100
005 20210404105346.0
008 160412s2005 000
020 |c 95000 
040 |a lnn  |b lnn 
041 |a jan 
082 1 4 |a 495.6.4  |b LA-R 
100 1 |a Lange, Roland A 
245 0 |a 501 động từ tiếng nhật /  |c Roland A Lange; Nhân Văn dịch. 
260 |a HCM :  |b NXB tổng hợp,  |c 2005. 
300 |a 631tr . ; :  |b mh. : ;  |c 24cm. 
650 4 |a 501 động từ tiếng nhật  |x Tiếng Nhật 
653 |a động từ tiếng nhật  |a Tiếng Nhật 
OWN |a LNN 
902 1 |a TKN 
AVA |a UDN50  |b LNN  |c Japanese-Korean-Thailander  |d 495.6.4 LA-R  |e available  |t Error 5001 Not defined in file expand_doc_bib_avail.  |f 6  |g 0  |h N  |i 0  |j HN 
999 |a From the UDN01 
AVA |a UDN50  |b LNN  |c Japanese-Korean-Thailander  |d 495.6.4 LA-R  |e available  |t Error 5001 Not defined in file expand_doc_bib_avail.  |f 6  |g 0  |h N  |i 0  |j HN 
TYP |a Monograph 
980 |a Mạng thư viện Đại học Đà Nẵng